Les gares TGV depuis Paris-Est - Statistiques

Statistiques générales
  • Ce quiz a été pris 147 fois
  • Le résultat moyen est 32 sur 48
Statistiques - réponses
Département/Länd Gare % Correct
1 Bas-Rhin Strasbourg
98%
7 Bas-Rhin Strasbourg
98%
8 Bas-Rhin Strasbourg
98%
9 Bas-Rhin Strasbourg
98%
10 Bas-Rhin Strasbourg
98%
2 Marne Reims
96%
4 Moselle Metz-Ville
95%
5 Meurthe-et-Moselle Nancy-Ville
93%
7 Haut-Rhin Colmar
89%
7 Haut-Rhin Mulhouse
89%
4 Luxembourg Luxembourg
86%
2 Ardennes Charleville-Mézières
82%
1 Meuse Meuse TGV
82%
5 Meuse Meuse TGV
82%
5 Vosges Epinal
81%
9 Hesse Frankfurt (Main) Hbf
78%
1 Moselle Lorraine TGV
77%
3 Meuse Bar-le-Duc
76%
4 Moselle Thionville
76%
2 Ardennes Sedan
73%
10 Bavière München Hbf
72%
1 Marne Champagne-Ardennes TGV
72%
3 Marne Champagne-Ardennes TGV
72%
5 Marne Champagne-Ardennes TGV
72%
3 Marne Châlons-en-Champagne
71%
10 Bade-Wurtemberg Stuttgart
67%
5 Vosges Saint-Dié-des-Vosges
66%
7 Bas-Rhin Sélestat
66%
5 Meurthe-et-Moselle Lunéville
63%
6 Sarrbrücken Sarrbrücken
62%
6 Bade-Wurtemberg Mannheim Hbf
61%
9 Bade-Wurtemberg Mannheim Hbf
61%
5 Vosges Remiremont
59%
6 Moselle Forbach
57%
8 Bade-Wurtemberg Freiburg (Breisgau) Hbf
56%
2 Ardennes Rethel
55%
9 Bade-Wurtemberg Karlsruhe
54%
10 Bade-Wurtemberg Karlsruhe
54%
3 Marne Vitry-le-François
50%
8 Bade-Wurtemberg Ringsheim-Europa Park
48%
10 Bade-Wurtemberg Ulm
45%
9 Bade-Wurtemberg Baden-Baden
41%
10 Bade-Wurtemberg Baden-Baden
41%
10 Bavière Augsburg
39%
8 Bade-Wurtemberg Offenburg
37%
6 Rhénanie-Palatinat Kaiserslautern
29%
8 Bade-Wurtemberg Lahr
15%
8 Bade-Wurtemberg Emmendingen
9%
Aucun quiz correspondant
Distribution des résultats
% des personnes avec chaque résultat
Percentile par nombre de réponses
Votre historique - résultats
Vous n’avez pas pris ce quiz